| Tag |
First Indicator |
Second Indicator |
Subfields |
| LEADER |
00000cam a2200000Ia 4500 |
| 001 |
in00002449821 |
| 005 |
20151110104931.0 |
| 008 |
080828s2008 vraa b 000 0 eng d |
| 010 |
|
|
|a 2009396566
|
| 020 |
|
|
|a 9780864319319 (pbk.)
|
| 020 |
|
|
|a 0864319312 (pbk.)
|
| 029 |
0 |
|
|a AU@
|b 000043374049
|
| 029 |
1 |
|
|a AU@
|b 000043637632
|
| 029 |
1 |
|
|a NZ1
|b 12509907
|
| 035 |
|
|
|a (OCoLC)ocn271738587
|
| 035 |
|
|
|a (OCoLC)271738587
|
| 037 |
|
|
|b ACER Press, 19 Prospect Hill Rd, Camberwell VIC 3124
|
| 040 |
|
|
|a AU@
|c AU@
|d BTCTA
|d YDXCP
|d BWX
|d OCLCQ
|d DLC
|d UtOrBLW
|
| 049 |
|
|
|a TXAM
|
| 050 |
0 |
0 |
|a LB2806
|b .D556 2008
|
| 082 |
0 |
4 |
|a 371.2011
|2 22
|
| 100 |
1 |
|
|a Dinham, Steve.
|
| 245 |
1 |
0 |
|a How to get your school moving and improving :
|b an evidence-based approach /
|c Steve Dinham.
|
| 264 |
|
1 |
|a Camberwell, Vic. :
|b ACER Press,
|c 2008.
|
| 300 |
|
|
|a xiii, 141 pages :
|b illustrations ;
|c 24 cm.
|
| 336 |
|
|
|a text
|b txt
|2 rdacontent
|
| 337 |
|
|
|a unmediated
|b n
|2 rdamedia
|
| 338 |
|
|
|a volume
|b nc
|2 rdacarrier
|
| 504 |
|
|
|a Includes bibliographical references.
|
| 650 |
|
0 |
|a School improvement programs.
|
| 650 |
|
0 |
|a Educational leadership.
|
| 650 |
|
0 |
|a Effective teaching.
|
| 938 |
|
|
|a Baker and Taylor
|b BTCP
|n BK0008110715
|
| 938 |
|
|
|a YBP Library Services
|b YANK
|n 2925765
|
| 938 |
|
|
|a Blackwell Book Service
|b BBUS
|n R4763373
|c $39.95
|
| 945 |
|
|
|a PromptCat
|b 698310
|
| 946 |
|
|
|a stk
|
| 947 |
|
|
|a A14839852716
|
| 994 |
|
|
|a 92
|b TXA
|
| 948 |
|
|
|a cataloged
|b h
|d 2009/5/14
|h c
|e asalazar
|f 2:06:42 pm
|
| 999 |
|
|
|a MARS
|
| 999 |
f |
f |
|s add27473-e242-3e1d-bd5c-5612cc101441
|i 119bc2ee-f70d-39a6-b615-0cdc8a1afcca
|t 0
|
| 952 |
f |
f |
|p normal
|a Texas A&M University
|b College Station
|c Sterling C. Evans Library
|d Evans: Library Stacks
|t 0
|e LB2806 .D556 2008
|h Library of Congress classification
|i unmediated -- volume
|m A14839852716
|
| 998 |
f |
f |
|a LB2806 .D556 2008
|t 0
|l Evans: Library Stacks
|